Statistiques concernant Le nom des habitants des pays #1

Cliquez ici pour prendre le quiz!

Statistiques générales

  • Ce quiz a été pris 313 fois
  • Le résultat moyen est 15 sur 16

Statistiques - réponses

PaysGentilé% Correct
AustralieAustralien
100%
BrésilBrésilien
100%
ChineChinois
100%
FranceFrançais
100%
ItalieItalien
100%
MarocMarocain
100%
GrèceGrec
99%
SuisseSuisse
99%
TurquieTurc
99%
SénégalSénégalais
98%
SuèdeSuédois
97%
Viêt NamVietnamien
97%
AlbanieAlbanais
94%
PérouPéruvien
93%
SoudanSoudanais
92%
Burkina FasoBurkinabé
57%

Distribution des résultats

Percentile par nombre de réponses

% des personnes avec chaque résultat

Votre développement - résultats

Vous n’avez pas pris ce quiz